Statistics for Country Pairs sharing most % of its borders

Click here to take the quiz!

General Stats

  • This quiz has been taken 1,141 times
  • The average score is 27 of 40

Answer Stats

Score2 % of 11 % of 2Country 1Country 2% Correct
173,90100%73,90%CanadaUnited States
94%
United States
94%
United Kingdom
91%
United Kingdom
91%
176,53100%76,53%IrelandUnited Kingdom
90%
200100%100%Dominican RepublicHaiti
89%
Haiti
89%
Spain
89%
163,26100%63,26%PortugalSpain
88%
Indonesia
87%
Indonesia
87%
Indonesia
87%
114,28100%14,28%MalaysiaBrunei
86%
129,7366,77%62,97%MalaysiaIndonesia
86%
128,98100%28,98%Papua New GuineaIndonesia
83%
North Korea
81%
114,23100%14,23%South KoreaNorth Korea
81%
Argentina
78%
137,8583,85%54,00%ChileArgentina
78%
108,06100%8,06%East TimorIndonesia
78%
Brunei
76%
118,70100%18,70%LesothoSouth Africa
76%
South Africa
76%
Norway
75%
135,9772,50%63,47%SwedenNorway
75%
India
69%
124,1995,45%28,74%BangladeshIndia
65%
Saudi Arabia
57%
116,4183,51%32,90%YemenSaudi Arabia
55%
128,03100%28,03%GambiaSenegal
49%
111,1059,46%51,64%PanamaCosta Rica
49%
Senegal
49%
Costa Rica
47%
Honduras
36%
135,5674,90%60,66%NicaraguaHonduras
36%
Republic of the Congo
36%
109,1774,60%34,57%GabonRepublic of the Congo
30%
123,31100%23,31%CyprusUnited Kingdom
28%
106,3063,88%42,42%Bosnia and
Herzegovina
Croatia
16%
Croatia
16%

Score Distribution

Percentile by Number Answered

Percent of People with Each Score

Your Score History

You have not taken this quiz